000 00535nam a2200193Ia 4500
005 20230513100202.0
008 131103s9999 xx 000 0 und d
040 _aLoreto College
041 _aEnglish
082 _a823.91
_bJAM-POI
100 _aPoirier, Richard
245 4 _aThe Comic sense of Henry James
_b a study of the early novels
_cRichard Poirier
260 _aNew York
_bOxford University Press
_c1967
300 _a260p.
504 _aIncludes index
650 _aEnglish novels
850 _aLCLIB
942 _cBK
999 _c22435
_d72914